[Event "Mondiale Semilampo FIDE 2024"]
[Site "New York"]
[Date "28.12.2024"]
[Round "13.33"]
[White "Lenderman, Aleksandr"]
[Black "Lodici, Lorenzo"]
[Result "0-1"]
[WhiteTitle "GM"]
[BlackTitle "GM"]
[WhiteElo "2480"]
[BlackElo "2564"]
[WhiteFideId "2021285"]
[BlackFideId "884189"]
[EventDate "26.12.2024"]

1. d4 Nf6 2. Nf3 b6 3. c4 Bb7 4. g3 c5 5. Bg2 cxd4 6. O-O Bxf3 7. exf3 Nc6 8. f4
e6 9. Nd2 Bc5 10. Bxc6 dxc6 11. Nf3 Qd6 12. b3 O-O 13. Bb2 Rfd8 14. Qd3 Qf8 15.
Ne5 Rac8 16. Qf3 Qd6 17. Rad1 Nd7 18. Rfe1 Nxe5 19. fxe5 Qc7 20. Re4 Rd7 21. Rd3
b5 22. cxb5 cxb5 23. Kg2 Rcd8 24. Bc1 Rd5 25. Bf4 Be7 26. h4 Bf8 27. Bg5 R8d7
28. Bf6 Qb7 29. Bg5 h6 30. Bf4 Qb6 31. Qg4 Kh8 32. Qf3 Rc7 33. Bd2 Qc5 34. Bf4
Qb6 35. Bd2 a5 36. Rf4 Kg8 37. Re4 Bb4 38. Bf4 Rc3 39. Qe2 Qc5 40. Kh3 Rxd3 41.
Qxd3 Qc3 42. Qd1 d3 43. Qg4 d2 44. Bxh6 Bf8 45. Bxd2 Qxd2 46. Re2 Qd1 47. Qf3
Rxe5 0-1

[Event "Mondiale Semilampo FIDE 2024"]
[Site "New York"]
[Date "28.12.2024"]
[Round "13.34"]
[White "Khanin, Semen"]
[Black "Bok, Benjamin"]
[Result "1/2-1/2"]
[WhiteTitle "GM"]
[BlackTitle "GM"]
[WhiteElo "2568"]
[BlackElo "2593"]
[WhiteFideId "4111990"]
[BlackFideId "1017063"]
[EventDate "26.12.2024"]

1. d4 Nf6 2. c4 e6 3. Nc3 Bb4 4. e3 O-O 5. Bd2 b6 6. Nf3 d5 7. cxd5 exd5 8. Bd3
Re8 9. O-O Bb7 10. Ne5 Bf8 11. f4 c5 12. Bb5 Re6 13. Be1 a6 14. Bd3 Nc6 15. Bf5
Re8 16. Kh1 g6 17. Bc2 Bg7 18. Bh4 Qd6 19. dxc5 bxc5 20. Bxf6 Bxf6 21. Ne4 Qe7
22. Nxf6+ Qxf6 23. Ng4 Qh4 24. f5 Ne5 25. fxg6 Nxg4 26. gxf7+ Kh8 27. fxe8=Q+
Rxe8 28. h3 Nxe3 29. Qf3 Nxc2 30. Qc3+ d4 31. Qxc2 Qxh3+ 32. Kg1 Bxg2 33. Qxc5
Bxf1 34. Qxd4+ Kg8 35. Rxf1 Qg3+ 36. Kh1 Qh3+ 37. Kg1 Qg3+ 38. Kh1 Qh3+ 39. Kg1
Qg3+ 40. Kh1 1/2-1/2

[Event "Mondiale Semilampo FIDE 2024"]
[Site "New York"]
[Date "28.12.2024"]
[Round "13.35"]
[White "Pichot, Alan"]
[Black "Samadov, Read"]
[Result "1/2-1/2"]
[WhiteTitle "GM"]
[BlackTitle "IM"]
[WhiteElo "2637"]
[BlackElo "2501"]
[WhiteFideId "110973"]
[BlackFideId "13417444"]
[EventDate "26.12.2024"]

1. e4 c5 2. Nf3 e6 3. d4 cxd4 4. Nxd4 Nc6 5. Nc3 Qc7 6. g3 h5 7. Bg2 a6 8. O-O
h4 9. Re1 d6 10. Nxc6 bxc6 11. Na4 e5 12. c4 Nf6 13. b3 Be7 14. c5 Bg4 15. cxd6
Bxd6 16. Qc2 hxg3 17. hxg3 Rc8 18. Be3 Qe7 19. f3 Be6 20. Rad1 Nh5 21. Qf2 Bb4
22. Re2 Qf6 23. Nc5 Bxc5 24. Bxc5 Qg5 25. Be3 Qxg3 26. Qxg3 Nxg3 27. Red2 Ke7
28. Kf2 Nh5 29. Bf1 Nf4 30. Bxa6 Ra8 31. Bb7 Rxa2 32. Rxa2 Rh2+ 33. Kg3 Rh3+ 34.
Kf2 Rh2+ 35. Kg3 Rh3+ 36. Kf2 Rh2+ 1/2-1/2

[Event "Mondiale Semilampo FIDE 2024"]
[Site "New York"]
[Date "28.12.2024"]
[Round "13.36"]
[White "Chasin, Nico"]
[Black "Paravyan, David"]
[Result "1/2-1/2"]
[WhiteTitle "IM"]
[BlackTitle "GM"]
[WhiteElo "2417"]
[BlackElo "2620"]
[WhiteFideId "30908477"]
[BlackFideId "4194985"]
[EventDate "26.12.2024"]

1. d4 d5 2. c4 dxc4 3. Nf3 Nf6 4. e3 Bg4 5. Bxc4 e6 6. O-O Be7 7. Nc3 O-O 8. h3
Bh5 9. b3 c5 10. dxc5 Bxc5 11. Bb2 Nc6 12. Qxd8 Rfxd8 13. Rad1 a6 14. Rxd8+ Rxd8
15. Rd1 Rxd1+ 16. Nxd1 Ne4 17. Nc3 Ba3 18. Ba1 Nxc3 19. Bxc3 Nb4 20. Bxb4 Bxb4
21. Ne5 Bd1 22. Kf1 Bd6 23. Ke1 Bxb3 24. Bxb3 Bxe5 25. Bd1 Bc3+ 26. Ke2 Kf8 27.
Kd3 Be1 28. f4 Ke7 29. Bf3 b5 30. Bb7 a5 31. Bc6 b4 32. g4 h6 33. Ke2 Bc3 34. h4
g6 35. h5 g5 36. Kf3 Kd6 37. Be8 f5 38. Ba4 Bd2 39. fxg5 hxg5 40. h6 fxg4+ 41.
Kxg4 Bxe3 42. h7 Bd4 43. Kxg5 Bh8 44. Kf4 Kc5 45. Ke4 e5 1/2-1/2

[Event "Mondiale Semilampo FIDE 2024"]
[Site "New York"]
[Date "28.12.2024"]
[Round "13.37"]
[White "Tari, Aryan"]
[Black "Oro, Faustino"]
[Result "1-0"]
[WhiteTitle "GM"]
[BlackTitle "IM"]
[WhiteElo "2629"]
[BlackElo "2433"]
[WhiteFideId "1510045"]
[BlackFideId "20000197"]
[EventDate "26.12.2024"]

1. e4 e5 2. Nf3 Nc6 3. d4 exd4 4. Nxd4 Bc5 5. Nxc6 bxc6 6. Bd3 Qh4 7. Qe2 Ne7 8.
Be3 Bb6 9. Nd2 Ng6 10. g3 Qe7 11. f4 d6 12. O-O-O Nf8 13. Nb3 Ne6 14. Rhf1 f6
15. Bc4 Bd7 16. Qh5+ g6 17. Qe2 O-O-O 18. a4 Kb8 19. a5 Bxe3+ 20. Qxe3 Ka8 21.
Rfe1 Rhe8 22. Qc3 Rb8 23. h4 Rb7 24. Ba6 Rbb8 25. Bf1 Nd8 26. Bc4 Bg4 27. Rd2
Be6 28. Bxe6 Qxe6 29. Rdd1 Qg4 30. e5 fxe5 31. fxe5 d5 32. Rd4 Qc8 33. Rf4 Qa6
34. Nc5 Qc8 35. Rf6 Ne6 36. Rf7 Rb5 37. Nxe6 Rxe6 38. Rxh7 Kb7 39. Rf7 Qe8 40.
Rf6 Qe7 41. Ref1 d4 42. a6+ Kxa6 43. Qc4 Rxe5 44. Rxc6+ Kb7 45. Rxc7+ Qxc7 46.
Rf7 Rbc5 47. Rxc7+ Kxc7 48. Qf7+ Kb8 49. Qxg6 Re1+ 50. Kd2 Rg1 51. Qe8+ Kb7 52.
Qe4+ Rc6 53. Qf3 Kb6 54. h5 Rc7 55. h6 1-0

[Event "Mondiale Semilampo FIDE 2024"]
[Site "New York"]
[Date "28.12.2024"]
[Round "13.38"]
[White "Vakhidov, Jakhongir"]
[Black "Ibarra Jerez, Jose Carlos"]
[Result "1-0"]
[WhiteTitle "GM"]
[BlackTitle "GM"]
[WhiteElo "2546"]
[BlackElo "2556"]
[WhiteFideId "14201801"]
[BlackFideId "2226332"]
[EventDate "26.12.2024"]

1. c4 e5 2. Nc3 Nf6 3. Nf3 d6 4. d4 e4 5. Ng5 Qe7 6. Qc2 Bf5 7. f3 Nc6 8. fxe4
Bg6 9. e3 O-O-O 10. Be2 h6 11. Nf3 Nxe4 12. Nd5 Qe8 13. Bd3 f5 14. O-O Bf7 15.
a3 Ne7 16. Nxe7+ Bxe7 17. Nd2 Bg5 18. Nxe4 fxe4 19. Bxe4 Kb8 20. Re1 Bxc4 21.
Bxb7 d5 22. b3 Bb5 23. a4 Kxb7 24. axb5 Qxb5 25. Bd2 Rhf8 26. Rxa7+ 1-0

[Event "Mondiale Semilampo FIDE 2024"]
[Site "New York"]
[Date "28.12.2024"]
[Round "13.39"]
[White "Hakobyan, Aram"]
[Black "Can, Isik"]
[Result "1/2-1/2"]
[WhiteTitle "GM"]
[BlackTitle "IM"]
[WhiteElo "2625"]
[BlackElo "2499"]
[WhiteFideId "13306677"]
[BlackFideId "6383742"]
[EventDate "26.12.2024"]

1. e4 e5 2. Nf3 Nc6 3. Bc4 Bc5 4. d3 Nf6 5. Nc3 h6 6. O-O d6 7. Na4 Bb6 8. a3
O-O 9. b4 Be6 10. Bxe6 fxe6 11. c3 Qe8 12. Ra2 Ne7 13. c4 Bd4 14. Nxd4 exd4 15.
f4 b5 16. cxb5 Qxb5 17. Qb3 Kh8 18. Rc2 Qd7 19. Bb2 a5 20. b5 Rab8 21. Bxd4 Rxb5
22. Qc4 c5 23. Bxf6 Rxf6 24. e5 dxe5 25. Nxc5 Qc6 26. fxe5 Rxf1+ 27. Kxf1 Nd5
28. Kf2 Qe8 29. Nxe6 Qf7+ 30. Ke2 Qxe6 31. Qxb5 Qxe5+ 32. Kf2 Qd4+ 33. Ke2 Qe5+
34. Kf2 Qd4+ 35. Ke2 Qe5+ 1/2-1/2

[Event "Mondiale Semilampo FIDE 2024"]
[Site "New York"]
[Date "28.12.2024"]
[Round "13.40"]
[White "Jumabayev, Rinat"]
[Black "Ohanyan, Emin"]
[Result "1/2-1/2"]
[WhiteTitle "GM"]
[BlackTitle "GM"]
[WhiteElo "2573"]
[BlackElo "2514"]
[WhiteFideId "13702661"]
[BlackFideId "13312022"]
[EventDate "26.12.2024"]

1. Nf3 d5 2. g3 g6 3. Bg2 Bg7 4. O-O e5 5. d3 Ne7 6. e4 O-O 7. exd5 Nxd5 8. Re1
Nc6 9. Nc3 Nxc3 10. bxc3 Rb8 11. Bg5 f6 12. Be3 Be6 13. d4 e4 14. Nd2 f5 15. f3
exf3 16. Qxf3 Na5 17. d5 Bf7 18. Bxa7 Ra8 19. Bc5 Re8 20. Qd3 Qd7 21. Bb4 b6 22.
d6 Rad8 23. Rxe8+ Qxe8 24. Nf3 Bc4 25. Qd2 cxd6 26. Re1 Qb5 27. Ng5 Bxa2 28. Ne6
Bxe6 29. Rxe6 Kh8 30. Rxd6 Rxd6 31. Qxd6 Qe8 32. Qxb6 Nc4 33. Qc5 Ne3 34. Qc6
Qd8 35. Qa8 Qxa8 36. Bxa8 Nxc2 37. Ba5 Ne3 38. Bc6 Be5 39. Bb5 Kg7 40. Be2 Kf6
41. Kf2 Nd5 42. c4 Bd4+ 43. Kf3 Nc3 44. Bd3 Na4 45. Bd8+ Ke6 46. Bc2 Nc5 47. h4
Nd7 48. Bg5 Ne5+ 49. Ke2 Bc5 50. Bb3 Kd6 51. Bf4 Bd4 52. Bh6 Nd7 53. Ba4 Ke6 54.
Bc6 Bc5 55. Bd5+ Ke7 56. Bg5+ Nf6 57. h5 h6 58. Bxh6 Nxd5 59. cxd5 gxh5 60. Bf4
Kd7 61. Kf3 Be7 62. Be5 h4 63. gxh4 Bxh4 64. Kf4 Be7 65. Kxf5 Bd6 66. Bd4 Be7
67. Ke5 Bd6+ 68. Ke4 Be7 69. Kd3 Bd6 70. Kc4 Be7 71. Be3 Bd6 72. Bg5 Bc7 73. Be3
Bd6 74. Bd4 Bc7 75. Bc5 Be5 76. Kd3 Bd6 77. Kd4 Bc7 78. Ke4 Bb8 79. Bd4 Bd6 80.
Be5 Be7 81. d6 Bxd6 82. Bxd6 Kxd6 1/2-1/2

[Event "Mondiale Semilampo FIDE 2024"]
[Site "New York"]
[Date "28.12.2024"]
[Round "13.41"]
[White "Karthik, Venkataraman"]
[Black "Grebnev, Aleksey"]
[Result "1/2-1/2"]
[WhiteTitle "GM"]
[BlackTitle "GM"]
[WhiteElo "2603"]
[BlackElo "2555"]
[WhiteFideId "25006479"]
[BlackFideId "34189030"]
[EventDate "26.12.2024"]

1. e4 c5 2. Nf3 d6 3. Bb5+ Nd7 4. d4 cxd4 5. Nxd4 Nf6 6. Bd3 Nc5 7. Nc3 g6 8.
O-O Bg7 9. Re1 Nxd3 10. Qxd3 O-O 11. Bg5 Bd7 12. Nd5 Rc8 13. Bxf6 exf6 14. c3
Re8 15. h3 Qa5 16. a3 Qc5 17. Nb3 Qb5 18. Qxb5 Bxb5 19. f3 Kf8 20. Nd4 Bc4 21.
Ne3 Ba6 22. Rad1 Red8 23. Kf2 h5 24. Rd2 Bh6 25. h4 d5 26. exd5 Bxe3+ 27. Rxe3
Rxd5 28. Nb3 Rcd8 29. Rxd5 Rxd5 30. Nd4 b6 31. Ke1 Bb7 32. Rd3 Ke7 33. Kf2 Re5
34. Rd2 Rd5 35. Rd1 Re5 36. Nc2 Bc6 37. Rd4 Rb5 38. Nb4 Bb7 39. Nd3 g5 40. Ke3
Ke6 41. Ra4 a6 42. Rd4 Rd5 43. Rb4 b5 44. b3 a5 45. Re4+ Kd7 46. b4 axb4 47.
axb4 Bc6 48. g3 f5 49. Re5 f4+ 50. gxf4 gxh4 51. Nc5+ Kd8 52. Kf2 Rd2+ 53. Ke3
Rd5 54. Kf2 Rxe5 55. fxe5 h3 56. Kg3 h2 57. Kxh2 Bxf3 58. Kg3 Be2 59. Nb3 Ke7
60. Nd4 Bc4 61. Kh4 f6 62. exf6+ Kxf6 63. Kxh5 Ke5 64. Kg5 Ke4 65. Kf6 Kd3 66.
Ke5 Kxc3 67. Nxb5+ Bxb5 1/2-1/2

[Event "Mondiale Semilampo FIDE 2024"]
[Site "New York"]
[Date "28.12.2024"]
[Round "13.42"]
[White "Lu, Shanglei"]
[Black "Amar, Elham"]
[Result "0-1"]
[WhiteTitle "GM"]
[BlackTitle "GM"]
[WhiteElo "2609"]
[BlackElo "2534"]
[WhiteFideId "8603332"]
[BlackFideId "1533533"]
[EventDate "26.12.2024"]

1. e4 c6 2. d4 d5 3. e5 c5 4. Nf3 cxd4 5. Nxd4 Nc6 6. Nxc6 bxc6 7. Bd3 e6 8. O-O
Ne7 9. Nd2 a5 10. Re1 Ba6 11. Nf3 Bxd3 12. cxd3 Nf5 13. Qa4 Qd7 14. g4 Ne7 15.
Be3 h5 16. h3 Ng6 17. Rac1 hxg4 18. hxg4 Bb4 19. Re2 Rh3 20. Ng5 Rh4 21. f3 Nxe5
22. Bf2 Nxd3 23. Rxc6 Rh6 24. Bd4 Be7 25. Rec2 Bxg5 26. Qb5 Nb4 27. Rc8+ Rxc8
28. Rxc8+ Bd8 29. Rxd8+ Kxd8 30. Qb8+ Qc8 31. Qd6+ Ke8 32. Bc5 Qd8 33. Qf8+ Kd7
34. Qxf7+ Kc6 35. Bd4 Qh8 36. Be5 Rh1+ 37. Kf2 Nd3+ 38. Ke3 Nxe5 39. Qxe6+ Kb7 0-1

[Event "Mondiale Semilampo FIDE 2024"]
[Site "New York"]
[Date "28.12.2024"]
[Round "13.43"]
[White "Makarian, Rudik"]
[Black "Svane, Rasmus"]
[Result "0-1"]
[WhiteTitle "IM"]
[BlackTitle "GM"]
[WhiteElo "2547"]
[BlackElo "2628"]
[WhiteFideId "44105681"]
[BlackFideId "4657101"]
[EventDate "26.12.2024"]

1. d4 Nf6 2. c4 e6 3. Nf3 d5 4. g3 Be7 5. Bg2 O-O 6. O-O dxc4 7. Qc2 a6 8. a4
Bd7 9. Qxc4 Bc6 10. Bg5 Nbd7 11. Nc3 h6 12. Bxf6 Nxf6 13. Rfd1 Qd6 14. a5 Rfd8
15. e3 Bxf3 16. Bxf3 c6 17. h4 Qb4 18. Qe2 Nd5 19. Qc2 Qd6 20. h5 Rac8 21. Kg2
Qc7 22. Qb3 Rd7 23. Rd2 Rcd8 24. Qc4 Nf6 25. Ne4 Nd5 26. Nc3 Nf6 27. Ne4 Nd5 28.
Nc5 Bxc5 29. Qxc5 Qd6 30. b4 e5 31. Qxd6 Rxd6 32. Bxd5 Rxd5 33. Rad1 Kf8 34. g4
Ke7 35. e4 Rb5 36. dxe5 Rxd2 37. Rxd2 Rxb4 38. Kf3 Rb5 39. Kf4 Rxa5 40. Kf5 Rb5
41. f4 a5 42. Rd4 Rb4 43. Rd3 a4 44. g5 hxg5 45. fxg5 Rb3 46. Rd4 b5 47. e6
fxe6+ 48. Kg6 a3 49. Rd1 Rg3 50. Rf1 b4 51. Rf7+ Kd6 52. Ra7 c5 53. Ra5 Rg1 0-1

[Event "Mondiale Semilampo FIDE 2024"]
[Site "New York"]
[Date "28.12.2024"]
[Round "13.44"]
[White "Petrosian, Tigran L."]
[Black "Ghosh, Diptayan"]
[Result "1-0"]
[WhiteTitle "GM"]
[BlackTitle "GM"]
[WhiteElo "2551"]
[BlackElo "2569"]
[WhiteFideId "13301616"]
[BlackFideId "5045207"]
[EventDate "26.12.2024"]

1. Nf3 d5 2. g3 Nd7 3. d4 Ngf6 4. Bg2 Nb6 5. O-O Bf5 6. b3 e6 7. c4 c6 8. c5
Nbd7 9. b4 Be7 10. Nc3 Ne4 11. Qb3 O-O 12. a4 a5 13. b5 Bf6 14. Bb2 Qc7 15. b6
Qd8 16. Nxe4 Bxe4 17. Bh3 Re8 18. Nd2 Bf5 19. Bxf5 exf5 20. e3 h5 21. Qc2 h4 22.
Bc3 g6 23. Nb3 Nf8 24. Bxa5 Ne6 25. f4 Ng7 26. Bd2 Nh5 27. Kg2 Bg7 28. a5 Ra6
29. Nc1 Qe7 30. Qd3 Qe6 31. Na2 Rea8 32. Nb4 Rxa5 33. Rxa5 Rxa5 34. Nxc6 Rxc5
35. Nd8 Qxb6 36. dxc5 Qxd8 37. Bc3 Bxc3 38. Qxc3 Nf6 39. Rb1 Qe8 40. Qd4 Ng4 41.
Rb3 hxg3 42. h3 Nf2 43. Rxb7 Ne4 44. c6 Kh7 45. Qxd5 Nd6 46. Rb3 Qe7 47. Qe5 Qc7
48. Rc3 1-0

[Event "Mondiale Semilampo FIDE 2024"]
[Site "New York"]
[Date "28.12.2024"]
[Round "13.45"]
[White "Indjic, Aleksandar"]
[Black "Svane, Frederik"]
[Result "1-0"]
[WhiteTitle "GM"]
[BlackTitle "GM"]
[WhiteElo "2647"]
[BlackElo "2668"]
[WhiteFideId "911925"]
[BlackFideId "12923044"]
[EventDate "26.12.2024"]

1. c4 Nf6 2. Nc3 e5 3. e3 Nc6 4. Qb3 g6 5. g3 b6 6. Bg2 Bb7 7. Nd5 Bg7 8. d3 O-O
9. Ne2 Kh8 10. O-O d6 11. Nec3 Nxd5 12. cxd5 Nb8 13. Bd2 Nd7 14. Qc2 a6 15. f4
f5 16. Rac1 Rc8 17. b4 Nf6 18. Qb3 Qd7 19. a4 c6 20. e4 cxd5 21. Nxd5 Qf7 22. b5
exf4 23. Bxf4 Ng4 24. h3 Bxd5 25. Qxd5 Qxd5 26. exd5 Bd4+ 27. Kh1 Rxc1 28. Rxc1
Ne5 29. bxa6 Ra8 30. Bxe5+ Bxe5 31. d4 Bxd4 32. Bf1 Ra7 33. Bb5 Kg7 34. Rc8 Kf6
35. Rb8 h5 36. Rb7 Ra8 37. a7 h4 38. gxh4 f4 39. Rc7 f3 40. Bc6 Re8 41. Bxe8 1-0

[Event "Mondiale Semilampo FIDE 2024"]
[Site "New York"]
[Date "28.12.2024"]
[Round "13.46"]
[White "Brodsky, David"]
[Black "Chanda, Sandipan"]
[Result "1/2-1/2"]
[WhiteTitle "GM"]
[BlackTitle "GM"]
[WhiteElo "2538"]
[BlackElo "2480"]
[WhiteFideId "2073250"]
[BlackFideId "5004225"]
[EventDate "26.12.2024"]

1. e4 c5 2. Nf3 d6 3. d4 cxd4 4. Nxd4 Nf6 5. Nc3 a6 6. Rg1 e5 7. Nb3 Be6 8. g4
d5 9. exd5 Nxd5 10. Nxd5 Qxd5 11. Qxd5 Bxd5 12. Be3 Nc6 13. c3 O-O-O 14. Nd2 Bd6
15. Nc4 Bc7 16. Nb6+ Bxb6 17. Bxb6 Rd7 18. g5 Be6 19. a4 Ne7 20. Bg2 Ng6 21. Be4
Nf4 22. a5 f5 23. gxf6 gxf6 24. Rd1 Rxd1+ 25. Kxd1 f5 26. Bc2 Nd5 27. Rg7 Nxb6
28. axb6 Rd8+ 29. Ke2 Rd7 30. Rg5 Rd6 31. Bxf5 Bxf5 32. Rxf5 Rxb6 33. b4 Rh6 34.
Rxe5 Kd7 35. Rg5 1/2-1/2

[Event "Mondiale Semilampo FIDE 2024"]
[Site "New York"]
[Date "28.12.2024"]
[Round "13.47"]
[White "Madaminov, Mukhiddin"]
[Black "Lomasov, Semyon"]
[Result "1-0"]
[WhiteTitle "GM"]
[BlackTitle "GM"]
[WhiteElo "2501"]
[BlackElo "2559"]
[WhiteFideId "14210703"]
[BlackFideId "24164879"]
[EventDate "26.12.2024"]

1. e4 e6 2. d4 d5 3. exd5 exd5 4. Nf3 Nc6 5. Nc3 a6 6. a3 h6 7. Bd3 Nf6 8. O-O
Be7 9. h3 O-O 10. Bf4 Bd6 11. Be5 Be6 12. Re1 Re8 13. Qd2 Nh7 14. Rad1 Nf8 15.
Ne2 Ng6 16. Bxg6 fxg6 17. Nf4 g5 18. Nxe6 Rxe6 19. Qd3 Qd7 20. Qb3 Bxe5 21. dxe5
Ne7 22. Qxb7 Rf8 23. Qb3 c5 24. Qc3 Qc8 25. Qd3 Kh8 26. c4 d4 27. b4 Nc6 28.
bxc5 Ree8 29. e6 Rf4 30. g3 Rf6 31. Nxd4 Nxd4 32. Qxd4 Rfxe6 33. Rxe6 Qxe6 34.
Kg2 Rc8 35. Qd5 Qe7 36. c6 Qe8 37. Rd4 Rxc6 38. Re4 Qg6 39. Qd8+ Kh7 40. Re8 Qf7
41. Rf8 Qe6 42. Re8 Qf7 43. Qd3+ Qg6 44. Re4 Rd6 45. Qe3 Qf5 46. g4 Qc8 47. c5
Rf6 48. Re8 Qc6+ 49. Qe4+ g6 50. Qxc6 Rxc6 51. Re5 Kg7 52. Kf3 Kf6 53. Ke4 Rc8
54. Rd5 Ke7 55. Kd4 Rc6 56. Re5+ Kd7 57. Kd5 Rf6 58. Re2 Rf3 59. Re3 Rxf2 60.
c6+ Kd8 61. Kc5 Rb2 62. a4 h5 63. a5 h4 64. Re6 Kc7 65. Re7+ Kc8 66. Rg7 Rb3 67.
Rxg6 Rxh3 68. Rxg5 Rb3 69. Rg8+ Kc7 70. Rg7+ Kc8 71. g5 h3 72. Rh7 Rg3 73. g6
Kb8 74. Kb6 Rb3+ 75. Kxa6 Rg3 76. Kb6 Rb3+ 77. Kc5 Rc3+ 78. Kb6 Rb3+ 79. Kc5
Rc3+ 80. Kd5 Rg3 81. Kd6 Rd3+ 82. Ke5 Rg3 83. Kf5 Kc8 84. a6 1-0

[Event "Mondiale Semilampo FIDE 2024"]
[Site "New York"]
[Date "28.12.2024"]
[Round "13.48"]
[White "Dudin, Gleb"]
[Black "Moradiabadi, Elshan"]
[Result "1/2-1/2"]
[WhiteTitle "GM"]
[BlackTitle "GM"]
[WhiteElo "2506"]
[BlackElo "2512"]
[WhiteFideId "34184934"]
[BlackFideId "12501255"]
[EventDate "26.12.2024"]

1. d4 Nf6 2. c4 e6 3. Nc3 Bb4 4. e3 b6 5. Ne2 Ne4 6. Bd2 Nxd2 7. Qxd2 Bb7 8. a3
Bxc3 9. Nxc3 Qh4 10. d5 Na6 11. b4 O-O 12. Be2 c5 13. dxc6 dxc6 14. Qd7 Rab8 15.
Qd6 c5 16. b5 Rbd8 17. Qe5 Nb8 18. O-O Qe7 19. Rfd1 f6 20. Qg3 Rxd1+ 21. Rxd1
Rd8 22. h4 Kf8 23. h5 h6 24. Bg4 Rxd1+ 25. Bxd1 Qd8 26. Bg4 f5 27. Bh3 Nd7 28.
Qd6+ Kf7 29. e4 Qe7 30. Qf4 Nf6 31. exf5 e5 32. Qg3 Qd6 33. Bg4 Qd4 34. Be2 Qd2
35. Kh2 Qd4 36. a4 Kf8 37. Kg1 Qd2 38. Qd3 Qxd3 39. Bxd3 Nxh5 40. Be4 Bc8 41. a5
bxa5 42. Na4 Nf6 43. f3 Nd7 44. Bd5 Ke7 45. g4 Nb6 46. Nc3 a6 47. Bg8 axb5 48.
cxb5 Bb7 49. Kf2 c4 50. Ke3 a4 51. f4 exf4+ 52. Kxf4 Kd6 53. g5 hxg5+ 54. Kxg5
a3 55. Kg6 Bd5 56. Bxd5 Nxd5 57. Kxg7 Nxc3 58. f6 a2 59. f7 a1=Q 60. f8=Q+ Kd5
61. Qf5+ Kd6 62. Qf8+ Kd5 63. Qf5+ Kd4 64. b6 Qb2 65. Qf6+ Kd3 66. Kf8 Qb4+ 67.
Ke8 Qb5+ 68. Kd8 Nd5 69. Qf3+ Ne3 70. b7 c3 71. Kc7 c2 72. Qh1 Nd5+ 73. Kd6 Qb6+
74. Ke5 Qc7+ 75. Ke6 Qc6+ 76. Ke5 c1=Q 77. Qe4+ Kc3 78. Qd4+ Kc2 79. Qf2+ Kd3
80. Qf3+ Kd2 81. Qf2+ Kd3 82. Qf3+ Ne3 83. Qxc6 Qxc6 84. b8=Q Qe4+ 85. Kf6 Nd5+
86. Kg5 Qe7+ 87. Kg6 Qf6+ 88. Kh5 Qf7+ 89. Kh4 Qh7+ 90. Kg3 Qg6+ 91. Kh2 Qh5+
92. Kg1 Qg5+ 93. Kh2 Qh4+ 94. Kg1 Qd4+ 95. Kh1 Qe4+ 96. Kh2 Qe2+ 97. Kg1 Qe1+
98. Kh2 Qf2+ 99. Kh1 Qh4+ 100. Kg1 Qg5+ 101. Kh2 Ne3 102. Qb3+ Ke2 103. Qb2+ Kf3
104. Qb7+ Kf4 105. Qb8+ Ke4 106. Qb7+ Nd5 107. Qb1+ Ke5 108. Qb8+ Kd4 109. Qb2+
Nc3 110. Qf2+ Kc4 111. Qf7+ Nd5 112. Qf1+ Kc5 113. Qg1+ 1/2-1/2

[Event "Mondiale Semilampo FIDE 2024"]
[Site "New York"]
[Date "28.12.2024"]
[Round "13.49"]
[White "Damjanovic, Vuk"]
[Black "Suleymanli, Aydin"]
[Result "1/2-1/2"]
[WhiteTitle "IM"]
[BlackTitle "GM"]
[WhiteElo "2368"]
[BlackElo "2623"]
[WhiteFideId "980021"]
[BlackFideId "13413937"]
[EventDate "26.12.2024"]

1. Nf3 Nf6 2. g3 d5 3. Bg2 Nbd7 4. d4 Nb6 5. Nc3 c6 6. O-O Bf5 7. Nh4 e6 8. Nxf5
exf5 9. Qd3 g6 10. a4 Be7 11. Bh6 Ng4 12. Bf4 O-O 13. f3 Nf6 14. e4 fxe4 15.
fxe4 dxe4 16. Nxe4 Nxe4 17. Bxe4 Bg5 18. c3 Bxf4 19. Rxf4 Nd7 20. Bg2 f5 21.
Qc4+ Kg7 22. d5 Ne5 23. Qd4 Qf6 24. dxc6 bxc6 25. Re1 Rae8 26. Rff1 c5 27. Qd5
c4 28. Re2 Rf7 29. Rfe1 Rd7 30. Qxd7+ Nxd7 31. Rxe8 Qb6+ 32. Kh1 Nf6 33. R8e7+
Kh6 34. R7e6 Qd8 35. Bf3 Qd2 36. R1e2 Qd3 37. R6e3 Qd8 38. Kg2 Qd7 39. a5 1/2-1/2

[Event "Mondiale Semilampo FIDE 2024"]
[Site "New York"]
[Date "28.12.2024"]
[Round "13.50"]
[White "Kadric, Denis"]
[Black "Tsaruk, Maksim"]
[Result "0-1"]
[WhiteTitle "GM"]
[BlackTitle "IM"]
[WhiteElo "2544"]
[BlackElo "2424"]
[WhiteFideId "14403803"]
[BlackFideId "13511173"]
[EventDate "26.12.2024"]

1. e4 d5 2. exd5 Qxd5 3. Nc3 Qa5 4. d4 Nf6 5. Nf3 c6 6. Bc4 Bf5 7. Ne5 e6 8. g4
Bg6 9. h4 Nbd7 10. Nxd7 Nxd7 11. h5 Be4 12. O-O Bd5 13. Nxd5 cxd5 14. Bd3 Bd6
15. Bd2 Qb6 16. c3 O-O-O 17. a4 Bc7 18. a5 Qd6 19. f4 g6 20. h6 f6 21. a6 b6 22.
Qf3 e5 23. Bb5 g5 24. fxe5 fxe5 25. Qg2 Rdf8 26. Rxf8+ Rxf8 27. Rf1 e4 28. Bxd7+
Kxd7 29. Rxf8 Qxf8 30. Bxg5 Qg8 31. Be3 Qg6 32. Qh3 Kc6 33. g5 Bd6 34. Qg4 Kb5
35. Qe2+ Kc6 36. c4 Qf5 37. cxd5+ Kd7 38. Kg2 Bf4 39. Bxf4 Qxf4 40. g6 Qg5+ 41.
Kf2 Qxg6 42. Qb5+ Kd8 43. Ke3 Qxh6+ 44. Kxe4 Qg6+ 45. Ke3 Qg3+ 46. Kd2 Qf2+ 47.
Kc1 Qg1+ 48. Kc2 Qxd4 49. Kb3 Qc5 50. Qd3 b5 51. d6 h5 0-1

[Event "Mondiale Semilampo FIDE 2024"]
[Site "New York"]
[Date "28.12.2024"]
[Round "13.51"]
[White "Hardaway, Brewington"]
[Black "Andersen, Mads"]
[Result "1-0"]
[WhiteTitle "IM"]
[BlackTitle "GM"]
[WhiteElo "2499"]
[BlackElo "2592"]
[WhiteFideId "30941849"]
[BlackFideId "1413864"]
[EventDate "26.12.2024"]

1. e4 e5 2. Nf3 Nc6 3. Bc4 Nf6 4. d3 Bc5 5. Nc3 a6 6. a4 d6 7. h3 h6 8. Be3 O-O
9. O-O Bxe3 10. fxe3 Be6 11. b3 d5 12. exd5 Nxd5 13. Qe1 Qd7 14. Ne4 Qe7 15. Nh4
Rad8 16. Qg3 Kh7 17. Rf2 Nb6 18. Bxe6 Qxe6 19. Raf1 Nd7 20. Nf5 Qg6 21. Qh4 f6
22. Rf3 Rg8 23. Rg3 Qf7 24. Rff3 Rdf8 25. Rxg7+ Rxg7 26. Qxh6+ Kg8 27. Nxg7 Qxg7
28. Rg3 Qxg3 29. Nxg3 Ne7 30. Qh5 Nb6 31. Nf5 Nxf5 32. Qxf5 Kf7 33. a5 1-0

[Event "Mondiale Semilampo FIDE 2024"]
[Site "New York"]
[Date "28.12.2024"]
[Round "13.52"]
[White "Chirila, Ioan-Cristian"]
[Black "Adewumi, Tanitoluwa"]
[Result "0-1"]
[WhiteTitle "GM"]
[BlackTitle "FM"]
[WhiteElo "2530"]
[BlackElo "2349"]
[WhiteFideId "1211668"]
[BlackFideId "30966396"]
[EventDate "26.12.2024"]

1. d4 Nf6 2. c4 e6 3. Nf3 c5 4. g3 cxd4 5. Nxd4 Be7 6. Bg2 a6 7. Nc3 d6 8. O-O
O-O 9. b3 Qc7 10. Bb2 Nbd7 11. Qd2 Rb8 12. Rac1 Rd8 13. h3 h6 14. Rfd1 Nf8 15.
Qe3 Ng6 16. f4 e5 17. Nf3 exf4 18. gxf4 d5 19. Nxd5 Nxd5 20. cxd5 Qxf4 21. Qd4
Qxd4+ 22. Nxd4 Nf4 23. e4 Bxh3 24. Bxh3 Nxh3+ 25. Kg2 Ng5 26. Nf5 Bf8 27. e5 g6
28. Ne3 Bg7 29. d6 Ne4 30. Rc2 Rbc8 31. Rxc8 Rxc8 32. Kf3 Ng5+ 33. Kf4 Rd8 34.
Nd5 Ne6+ 35. Ke4 Nc5+ 36. Kf4 Kf8 37. Ba3 Nd7 38. Bb2 h5 39. Nc7 Rc8 40. Ke4 Kg8
41. Bd4 Nb8 42. e6 fxe6 43. Bxg7 Kxg7 44. Nxe6+ Kf6 45. Kd5 g5 46. Rf1+ Kg6 47.
Nf8+ Kh6 48. Ke6 Rc2 49. d7 Nc6 50. Kf7 Ne5+ 51. Kg8 Nxd7 52. Nxd7 g4 53. Kf7
Kg5 54. Nf6 g3 55. Ke6 g2 56. Ne4+ Kg4 57. Rf5 Re2 58. Ke5 0-1